Pays plus grand que l'Egypte - Statistiques

Statistiques générales
  • Ce quiz a été pris 90 fois
  • Le résultat moyen est 22 sur 29
Statistiques - réponses
Pays % Correct
États-Unis
100%
Russie
100%
Chine
99%
Algérie
97%
Australie
97%
Brésil
97%
Canada
96%
Inde
96%
République démocratique du Congo
92%
Argentine
91%
Mexique
86%
Arabie saoudite
79%
Mongolie
79%
Iran
78%
Afrique du sud
76%
Colombie
74%
Indonésie
74%
Kazakhstan
72%
Soudan
72%
Pérou
71%
Mali
68%
Libye
67%
Niger
67%
Tchad
62%
Bolivie
54%
Ethiopie
53%
Mauritanie
51%
Angola
46%
Danemark
41%
Aucun quiz correspondant
Distribution des résultats
% des personnes avec chaque résultat
Percentile par nombre de réponses
Votre historique - résultats
Vous n’avez pas pris ce quiz